DEWHURST`S TEXT BOOK OF OBSTETRICS & GYNAECOLOGY / (Record no. 797019)

MARC details
000 -LEADER
fixed length control field 00429pam a2200157 a 4500
020 ## - INTERNATIONAL STANDARD BOOK NUMBER
International Standard Book Number 9781405161114
Terms of availability
041 ## - LANGUAGE CODE
Language code of original
082 ## - DEWEY DECIMAL CLASSIFICATION NUMBER
Classification number 618
Item number EDM
100 ## - MAIN ENTRY--PERSONAL NAME
Personal name EDMONDS D,K.
245 ## - TITLE STATEMENT
Title DEWHURST`S TEXT BOOK OF OBSTETRICS & GYNAECOLOGY /
Statement of responsibility, etc. NULL.
Medium Textual Documents
250 ## - EDITION STATEMENT
Edition statement 7 ED /
Remainder of edition statement .
260 ## - PUBLICATION, DISTRIBUTION, ETC.
Place of publication, distribution, etc. NULL :
Name of publisher, distributor, etc. OXFORD, BLACKWELL ,
Date of publication, distribution, etc. 2007.
300 ## - PHYSICAL DESCRIPTION
Extent 717 : :
Other physical details XIII ; ;
Dimensions A4 . +
Accompanying material PB.
650 ## - SUBJECT ADDED ENTRY--TOPICAL TERM
Topical term or geographic name entry element OBST.GYNE
930 ## - EQUIVALENCE OR CROSS-REFERENCE-UNIFORM TITLE HEADING [LOCAL, CANADA]
Uniform title 2484
Holdings
Withdrawn status Lost status Damaged status Not for loan Collection Home library Current library Date acquired Source of acquisition Cost, normal purchase price Total Checkouts Full call number Barcode Date last seen Copy number Price effective from Koha item type
          Medical College & Hospital, Sangli Medical College & Hospital, Sangli 29/05/2008 B.M.S.G.B.PUNE 1350.00   618 EDM MCS-8666 26/07/2023 2 26/07/2023 Book
          Medical College & Hospital, Sangli Medical College & Hospital, Sangli 29/05/2008 B.M.S.G.B.PUNE 1350.00   618 EDM MCS-6079 26/07/2023 1 26/07/2023 Book